00973nam a2200217 a 450000500170000000800410001702000180005805000230007610000250009924500860012426000590021030000170026944000300028650000400031652001340035665000530049065000400054365000390058399900190062295201140064120140412111247.0010907s19uu xx 00 eng d a0-7922-3407-3 aM 591.56bH57 1987 aHirschland, Roger B. aHow animals care for their babies :bkids want to know /cby Roger B. Hirschland. aWashington, D.C :bNational Geographic Society,c1989. a30 p. ; ill. aBooks for young explorers aIncludes bibliographical references aDepicts different kinds of parental behavior among a variety of animals, including the trumpeter swan, mountain goat, and baboon. aParental behavior in animals-Juvenile litearture aAnimals-Infancy-Juvneile literature aNational Geographic Society (U.S.) c102988d102988 00104050aELbELcMd2001-09-07eDonationl0oM 591.56 H57 1987pE3523r2014-04-12 00:00:00w2014-04-12yBK